000 00851caa a22002417a 4500
999 _c409116
_d409116
001 125354
003 UA-OsUOA
005 20200114095136.0
007 ta
008 20170914b un ||||| |||| 00| 0 ukr d
040 _aUA-OsUOA
_bukr
_cUA-OsUOA
_dUA-OsUOA
041 _aukr
080 _a908
090 _a908
_bВ54
100 _aВихованець Т.
245 _aОстрозький єзуїтський колегіум: планувально-архітектурний аспект
_cТ. Вихованець
300 _aС. 237–251
650 7 _a908 Краєзнавство
_2UDC
773 0 _0328173
_9350793
_dОстрог НаУОА 2004
_o99526
_tНаукові записки
_w(UA-OsUOA) 42042
_z966-7631-62-1
942 _cBKA
_2udc
955 _a1